Vincitori US Open - Singolare maschile - Statistics

Statistiche generali
  • Questo quiz è stato fatto 13 volte
  • Il punteggio medio è 38 su 56
Statistiche sulle risposte
Edizione Nazione Tennista vincitore % Corretto
2022 Spagna Carlos Alcaraz
100%
2011 Serbia Novak Djokovic
100%
2015 Serbia Novak Djokovic
100%
2018 Serbia Novak Djokovic
100%
2023 Serbia Novak Djokovic
100%
2010 Spagna Rafael Nadal
100%
2013 Spagna Rafael Nadal
100%
2017 Spagna Rafael Nadal
100%
2019 Spagna Rafael Nadal
100%
2004 Svizzera Roger Federer
100%
2005 Svizzera Roger Federer
100%
2006 Svizzera Roger Federer
100%
2007 Svizzera Roger Federer
100%
2008 Svizzera Roger Federer
100%
2021 Russia Daniil Medvedev
92%
1994 Stati Uniti Andre Agassi
85%
1999 Stati Uniti Andre Agassi
85%
2012 Regno Unito Andy Murray
85%
2016 Svizzera Stan Wawrinka
85%
1979 Stati Uniti John McEnroe
77%
1980 Stati Uniti John McEnroe
77%
1981 Stati Uniti John McEnroe
77%
1984 Stati Uniti John McEnroe
77%
2009 Argentina Juan Martín del Potro
77%
1990 Stati Uniti Pete Sampras
77%
1993 Stati Uniti Pete Sampras
77%
1995 Stati Uniti Pete Sampras
77%
1996 Stati Uniti Pete Sampras
77%
2002 Stati Uniti Pete Sampras
77%
2020 Austria Dominic Thiem
69%
2003 Stati Uniti Andy Roddick
62%
1985 Cecoslovacchia Ivan Lendl
62%
1986 Ceocslovacchia Ivan Lendl
62%
1987 Cecoslovacchia Ivan Lendl
62%
1974 Stati Uniti Jimmy Connors
54%
1976 Stati Uniti Jimmy Connors
54%
1978 Stati Uniti Jimmy Connors
54%
1982 Stati Uniti Jimmy Connors
54%
1983 Stati Uniti Jimmy Connors
54%
1988 Svezia Mats Wilander
54%
1989 Germania Ovest Boris Becker
46%
2001 Australia Lleyton Hewitt
46%
2014 Croazia Marin Čilić
46%
1969 Australia Rod Laver
46%
1972 Romania Ilie Năstase
38%
1973 Australia John Newcombe
38%
2000 Russia Marat Safin
38%
1991 Svezia Stefan Edberg
38%
1992 Svezia Stefan Edberg
38%
1968 Stati Uniti Arthur Ashe
31%
1997 Australia Patrick Rafter
31%
1998 Australia Patrick Rafter
31%
1970 Australia Ken Rosewall
23%
1977 Argentina Guillermo Vilas
15%
1971 Stati Uniti Stan Smith
15%
1975 Spagna Manuel Orantes
8%
Nessun quiz corrispondente trovato
Distribuzione punteggi
Percentuale di utenti per punteggio
Percentile per numero di risposta
I tuoi punteggi nel tempo
Non hai fatto questo quiz